=LDR 00000nam 2200000 4500 =001 INLIS000000000001397 =005 20130612085814 =008 ***********************************Ind** =035 ##$$0010-061300000001397 =041 ##$$a Ind =082 ##$$a 028.55 =090 ##$$a 028.55, Han-m =100 ##$$a HANAFI, Tevi =245 ##$$a Menabung, Tevi Hanafi =260 ##$$a 2000 $b Yogyakarta =300 ##$$a 23 hlm, ilus, 19 cm =650 ##$$a Bacaan Kanak-kanak =850 ##$$a NBPNMAT